Lamb and Shirley Ltd v Bliss (VO) (Record no. 67494)

MARC details
000 -LEADER
fixed length control field 01832cam a2200253 4500
001 - CONTROL NUMBER
control field ABS64191
008 - FIXED-LENGTH DATA ELEMENTS--GENERAL INFORMATION
fixed length control field 000000n2001 000 0 eng u
035 ## - SYSTEM CONTROL NUMBER
System control number (Sirsi) u113308
245 ## - TITLE STATEMENT
Title Lamb and Shirley Ltd v Bliss (VO)
260 ## - PUBLICATION, DISTRIBUTION, ETC.
Date of publication, distribution, etc. 2001
490 ## - SERIES STATEMENT
Series statement Rating Appeals
Volume/sequential designation [2001] RA 99-109(11)
520 ## - SUMMARY, ETC.
Summary, etc. CA 5 April 2001. The appellants (L) sought to overturn an LT decision that the effective date of an alteration to a rating list to merge two hereditaments into a single hereditament should be the date the list was compiled rather than the date of the alteration, contending that the alteration was one which 'increases the rateable value shown in the list for the hereditament to which the inaccuracy relates' within the meaning of the Non Domestic Rating (Alteration of Lists and Appeals) Regulations 1993 reg 13(8A). "Held": The appeal was dismissed as the phrase referred to the hereditament as shown post alteration, there was no rateable value for the single hereditament shown in the list before the alteration and there was no basis for adopting the aggregate of the rateable value of the two constituent heriditaments as the rateable value of the whole when let as a single heriditament. Copy of judgement available on http://porch.ccta.gov.uk/courtser/judgements.nsf/Search/9FABBD4B2B836E9D80256A260051B58B?OpenDocument
590 ## - LOCAL NOTE (RLIN)
Local note ABS
650 ## - SUBJECT ADDED ENTRY--TOPICAL TERM
Topical term or geographic name entry element ALTERATION OF LISTS
650 ## - SUBJECT ADDED ENTRY--TOPICAL TERM
Topical term or geographic name entry element EFFECTIVE DATE
650 ## - SUBJECT ADDED ENTRY--TOPICAL TERM
Topical term or geographic name entry element LAMB AND SHIRELY LTD V BLISS(VO)
650 ## - SUBJECT ADDED ENTRY--TOPICAL TERM
Topical term or geographic name entry element NON DOMESTIC RATINGS (ALTERATION OF LISTS AND APPEALS) 1993 REG 13(8A)
650 ## - SUBJECT ADDED ENTRY--TOPICAL TERM
Topical term or geographic name entry element RATEABLE VALUE
650 ## - SUBJECT ADDED ENTRY--TOPICAL TERM
Topical term or geographic name entry element RATING APPEALS
650 ## - SUBJECT ADDED ENTRY--TOPICAL TERM
Topical term or geographic name entry element RATING LISTS
690 ## - LOCAL SUBJECT ADDED ENTRY--TOPICAL TERM (OCLC, RLIN)
Topical term or geographic name as entry element RATING AND LOCAL TAXATION-CASE LAW
856 ## - ELECTRONIC LOCATION AND ACCESS
Uniform Resource Identifier <a href="https://porch.ccta.gov.uk/courtser/judgements.nsf/Search/9FABBD4B2B836E9D80256A260051B58B?OpenDocument">https://porch.ccta.gov.uk/courtser/judgements.nsf/Search/9FABBD4B2B836E9D80256A260051B58B?OpenDocument</a>
942 ## - ADDED ENTRY ELEMENTS (KOHA)
Suppress in OPAC 0
Holdings
Withdrawn status Lost status Source of classification or shelving scheme Damaged status Not for loan Home library Current library Shelving location Date acquired Total Checkouts Full call number Barcode Date last seen Copy number Price effective from Koha item type
    Dewey Decimal Classification     London London Journal article 27/06/2001   ABS64191 113308-1001 06/08/2019 1 06/08/2019 Law report